Central Library OPAC University of Rajshahi

Introduction to general, organic, and biological chemistry / (Record no. 9829)

MARC details
000 -LEADER
fixed length control field 00772pam a2200277 a 4500
001 - CONTROL NUMBER
control field 9829
003 - CONTROL NUMBER IDENTIFIER
rucl marc code BD-RjUL
005 - DATE AND TIME OF LATEST TRANSACTION
control field 20211208234838.0
008 - FIXED-LENGTH DATA ELEMENTS--GENERAL INFORMATION
fixed length control field 220114s1987 nyu 001 0 eng c
020 ## - INTERNATIONAL STANDARD BOOK NUMBER
International Standard Book Number 0070596611 :
035 ## - SYSTEM CONTROL NUMBER
System control number (BD-RjUL)9874
040 ## - CATALOGING SOURCE
Original cataloging agency DNLM/DLC
Transcribing agency DLC
Modifying agency DLC
-- BD-RjUL
Language of cataloging eng
041 ## - LANGUAGE CODE
Language code of text/sound track or separate title eng
060 ## - NATIONAL LIBRARY OF MEDICINE CALL NUMBER
Classification number QD 31.2 S689i
082 00 - DEWEY DECIMAL CLASSIFICATION NUMBER
Classification number 540
Edition number 19
Author mark and year SOI
100 1# - MAIN ENTRY--PERSONAL NAME
Personal name Solomon, Sally.
9 (RLIN) 30378
245 10 - TITLE STATEMENT
Title Introduction to general, organic, and biological chemistry /
Statement of responsibility, etc. Sally Solomon.
260 ## - PUBLICATION, DISTRIBUTION, ETC. (IMPRINT)
Place of publication, distribution, etc. New York :
Name of publisher, distributor, etc. McGraw-Hill,
Date of publication, distribution, etc. c1987.
300 ## - PHYSICAL DESCRIPTION
Pagination xiv, 845, [66] p. ;
Size 28 cm.
500 ## - GENERAL NOTE
General note Includes index.
650 #0 - SUBJECT ADDED ENTRY--TOPICAL TERM
Topical term or geographic name as entry element Chemistry.
9 (RLIN) 30379
Topical term or geographic name as entry element Chemistry.
9 (RLIN) 30380
942 ## - ADDED ENTRY ELEMENTS (KOHA)
Source of classification or shelving scheme Dewey Decimal Classification
Koha item type Books
Holdings
Lost status Source of classification or shelving scheme Damaged status Not for loan Collection code Permanent Location Current Location Shelving location Date acquired Source of acquisition Total Checkouts Full call number Date last seen Copy number Koha item type Cost, normal purchase price
  Dewey Decimal Classification   Not For Loan Non-fiction Central Library, University of Rajshahi Central Library, University of Rajshahi Reading Room 27/05/1992 Gift   540 SOI 1987 22/01/2014 C-1 Books  
  Dewey Decimal Classification     Non-fiction Central Library, University of Rajshahi Central Library, University of Rajshahi   05/09/1990     540 SOI 1987 28/03/2017 C-2 Books  
  Dewey Decimal Classification     Non-fiction Central Library, University of Rajshahi Central Library, University of Rajshahi   21/08/1991 Arif   540 SOI 1987 14/05/2017 C-3 Books 0.00